000 00714nam a2200229Ia 4500
001 17036
003 GE_BSU
008 181216s||||||||xx |||||||||||||| ||und||
040 _cGE_BSU
080 _a821.161.1-32
100 _aლესკოვი, ნ.
245 _aოსტატი დალაქი
245 _bმოთხრობები
245 _cთარგმ. რ. ქებულაძისა
260 _aთბილისი
260 _bსაბჭ. საქართველო
260 _c1958
300 _a280გვ. : ილ., 1ფ. ილ. ; 21სმ
653 _aმოთხრობები
653 _aოსტატი დალაქი
942 _cBK
999 _c50098
_d50098